| 000 | 00882nam a2200265 i 4500 | ||
|---|---|---|---|
| 001 | C2-0229372 | ||
| 003 | PPAK | ||
| 005 | 20180728160131.0 | ||
| 008 | 000930s2000 my a|||| ||||| | may d | ||
| 020 | _a9789836268259 ; 9836268251 | ||
| 040 |
_aPPAK _beng _cPPAK _erda |
||
| 082 | 0 | 4 |
_a581.632095951 _223 |
| 090 | 0 | 0 |
_a581.632095951 _bRUK _dKK |
| 090 | 0 | 0 |
_a581.632095951 _bRUK _dR |
| 100 | 0 |
_aRukayah Aman, _eauthor |
|
| 245 | 1 | 0 | _aUlam dan sayuran tempatan Semenanjung Malaysia |
| 264 | 1 |
_aKuala Lumpur : _bDewan Bahasa dan Pustaka , _c2000 |
|
| 300 |
_axxi, 168 pages : _bcolour photographs ; _c24 cm |
||
| 336 |
_2rdacontent _atext |
||
| 337 |
_2rdamedia _aunmediated |
||
| 338 |
_2rdacarrier _avolume |
||
| 500 | _aBibliografi : hlm. 163 ; Mengandungi indeks | ||
| 650 | 1 | 0 | _aPlants, Edible - Semenanjung Malaysia. ; Vegetables - Semenanjung Malaysia. |
| 942 |
_ddc _cB |
||
| 999 |
_c148989 _d148989 |
||